| 000 | 00704nam a22001817a 4500 | ||
|---|---|---|---|
| 999 |
_c371898 _d371898 |
||
| 008 | 201127b ||||| |||| 00| 0 eng d | ||
| 040 |
_aDE-2950 _bger _cDE-2950 _erda |
||
| 041 | _ager | ||
| 245 |
_aSolidaritäts-Demo für Frauen im Iran _cPeggy Lohse _bProteste. Runde 100 Menschen gingen am Freitag in Frankfurt (Oder) gegen das Mullah-Regime im Iran auf die Straße/ |
||
| 264 | _c2022 | ||
| 653 | _aFrankfurt (Oder) | ||
| 653 | _aIran-Protest | ||
| 773 |
_dFrankfurt (Oder) Märkisches Verlags- und Druckhaus GmbH & Co KG _tMärkische Oderzeitung _g33. Jahrgang (2022) Nr. 230 vom 1./2.10.2022, S. 19; Foto |
||
| 942 | _cA | ||